| 000 | 00664nam a22001937a 4500 | ||
|---|---|---|---|
| 999 |
_c18704 _d18704 |
||
| 003 | BDDh-ASL | ||
| 005 | 20231015025726.0 | ||
| 008 | 201021s2014 ii ||||| |||| 00| 0 eng d | ||
| 020 | _a9789351567264 | ||
| 040 |
_aBDDh-ASL _cBDDh-ASL |
||
| 082 |
_a930.1 _bMAK |
||
| 100 | 1 |
_91566 _aMajumdar, Susmita Basu |
|
| 245 | 1 | 0 |
_aKalighat Hoard : _bthe first Gupta coin hoard from India / _cby Susmita Basu Majumdar. |
| 260 |
_aKolkata : _bJayasree Press, _c2014. |
||
| 300 |
_a91 p. : _c28 cm. |
||
| 504 | _aIncludes bibliographical references and index. | ||
| 650 | 0 |
_aArchaeology, প্রত্নতত্ত্ব Pratnatattba _zIndia _91567 |
|
| 942 |
_2ddc _cBK |
||